000 00377cam a2200169ua 4500
020 _c1.25
041 _amal
_h
082 _a894.812
_bKOR/AA
100 _aKorathu, P C .
245 _aAanakkatha /
_cP C Korathu.
_hTextual Documents
260 _a :
_bP C Korathu ,
_c1963.
300 _a100.
365 _a1.25
504 _a
942 _cBK
999 _c6325
_d6325